[Event "FRA-chT2 0910"]
[Site "France"]
[Date "2009.12.12"]
[Round "5.4"]
[White "Taddei, Benoit"]
[Black "Moldovan, Daniel"]
[Result "0-1"]
[WhiteElo "2280"]
[BlackElo "2437"]
[PlyCount "112"]
[EventDate "2009.09.27"]
[EventType "team"]
[EventRounds "11"]
[EventCountry "FRA"]
[SourceDate "2009.07.26"]

1. e4 g6 2. d4 Bg7 3. c4 c5 4. Nf3 cxd4 5. Nxd4 Nc6 6. Nc2 d6 7. Be2 Nf6 8. Nc3
O-O 9. O-O Nd7 10. Bd2 Nc5 11. b4 Ne6 12. Rc1 Ned4 13. Nxd4 Nxd4 14. Be3 Nxe2+
15. Qxe2 b6 16. Rfd1 Ba6 17. h4 Rc8 18. b5 Bb7 19. h5 Qd7 20. Bd4 Bh6 21. Rc2
Qe6 22. Nd5 Bxd5 23. cxd5 Rxc2 24. Qxc2 Qg4 25. hxg6 hxg6 26. Re1 Rc8 27. Qd3
Bg7 28. a4 Bxd4 29. Qxd4 Rc5 30. Qe3 Kg7 31. f3 Qc8 32. f4 Rc2 33. e5 Qg4 34.
Qe4 Rd2 35. Rf1 Re2 36. Qf3 Qxf3 37. Rxf3 Re4 38. Rc3 Rxf4 39. Rc7 Rxa4 40.
Rxe7 dxe5 41. Rxe5 Rd4 42. Re7 Rxd5 43. Rxa7 Rxb5 44. Rb7 Rb2 45. Kh2 g5 46.
Kg3 Kg6 47. Kf3 f5 48. g4 Rb3+ 49. Kf2 fxg4 50. Kg2 b5 51. Rb8 Kf5 52. Rf8+ Ke4
53. Rg8 Kd4 54. Rxg5 g3 55. Rg4+ Kc5 56. Kf1 Re3 0-1

[Event "FRA-chT2 0910"]
[Site "France"]
[Date "2009.12.12"]
[Round "5.6"]
[White "Hartmann, Dominique"]
[Black "Faby, Fabrice"]
[Result "1/2-1/2"]
[WhiteElo "1996"]
[BlackElo "2136"]
[PlyCount "55"]
[EventDate "2009.09.27"]
[EventType "team"]
[EventRounds "11"]
[EventCountry "FRA"]
[SourceDate "2009.07.26"]

1. Nf3 d5 2. c4 c6 3. g3 g6 4. Bg2 Bg7 5. d4 Nf6 6. b3 Bf5 7. Nc3 Ne4 8. Bb2
Nxc3 9. Bxc3 Be4 10. O-O O-O 11. e3 Nd7 12. Bh3 h6 13. Ne1 g5 14. f3 Bg6 15.
Nd3 dxc4 16. bxc4 Nb6 17. Ba5 e5 18. Nxe5 Bxe5 19. dxe5 Qxd1 20. Rfxd1 Nxc4 21.
Bc3 Nxe3 22. Rd7 Nd5 23. Bb2 Rab8 24. Re1 Nb6 25. Rc7 Nd5 26. Rd7 Nb6 27. Rc7
Nd5 28. Rd7 1/2-1/2

[Event "FRA-chT2 0910"]
[Site "France"]
[Date "2009.12.12"]
[Round "5.7"]
[White "Faby, Laetitia"]
[Black "Deiller, Pascal"]
[Result "1/2-1/2"]
[WhiteElo "1966"]
[BlackElo "2083"]
[PlyCount "57"]
[EventDate "2009.09.27"]
[EventType "team"]
[EventRounds "11"]
[EventCountry "FRA"]
[SourceDate "2009.07.26"]

1. c4 c5 2. Nc3 Nf6 3. e4 Nc6 4. Nge2 g6 5. g3 Ne5 6. Nf4 e6 7. d3 Bg7 8. Bg2
O-O 9. O-O Nc6 10. Be3 d6 11. Rb1 a6 12. a3 Nd7 13. Nce2 a5 14. Qd2 Rb8 15. Nc3
Nd4 16. Bxd4 cxd4 17. Nb5 Nf6 18. Ne2 e5 19. b4 a4 20. Qc2 Ra8 21. c5 d5 22.
exd5 Nxd5 23. Nd6 Nc7 24. Nxb7 Qf6 25. Nd6 Be6 26. Bxa8 Rxa8 27. f4 Nd5 28. Ne4
Qe7 29. Qd2 1/2-1/2

[Event "FRA-chT2 0910"]
[Site "France"]
[Date "2009.12.12"]
[Round "5.8"]
[White "Monpeurt, Cyrielle"]
[Black "Vaast, Jean"]
[Result "1/2-1/2"]
[WhiteElo "1827"]
[BlackElo "1523"]
[PlyCount "70"]
[EventDate "2009.09.27"]
[EventType "team"]
[EventRounds "11"]
[EventCountry "FRA"]
[SourceDate "2009.07.26"]

1. e4 e6 2. d4 d5 3. Nc3 Bb4 4. Nge2 dxe4 5. a3 Ba5 6. b4 Bb6 7. g3 Nc6 8. Be3
Nge7 9. Bg2 Nf5 10. Nxe4 Nxe3 11. fxe3 Ne7 12. c4 a6 13. O-O O-O 14. Qd3 h6 15.
Rad1 Rb8 16. Nf4 Bd7 17. Nh5 f5 18. Nc3 Be8 19. Nf4 Qd7 20. c5 Ba7 21. Rf2 c6
22. Na4 Nd5 23. Nb2 Nxf4 24. exf4 Bg6 25. Nc4 Bh7 26. Qe3 Rbd8 27. Re2 Rfe8 28.
Qc3 Kh8 29. Rd3 Bb8 30. Qe1 Bg8 31. Bh3 Bc7 32. Nd2 Qf7 33. Nb3 Qg6 34. Kf2 Qh5
35. Bg2 Qxh2 1/2-1/2

[Event "FRA-chT2 0910"]
[Site "France"]
[Date "2009.12.12"]
[Round "5.1"]
[White "Rusev, Krasimir"]
[Black "Mohebbi, Jaffar"]
[Result "1-0"]
[WhiteElo "2537"]
[BlackElo "2327"]
[PlyCount "77"]
[EventDate "2009.09.27"]
[EventType "team"]
[EventRounds "11"]
[EventCountry "FRA"]
[SourceDate "2009.07.26"]

1. d4 Nf6 2. c4 e6 3. Nf3 b6 4. g3 Ba6 5. Qc2 Bb7 6. Bg2 c5 7. d5 exd5 8. cxd5
Nxd5 9. O-O Be7 10. Rd1 Nc6 11. a3 Nc7 12. Nc3 O-O 13. Bf4 Ne6 14. e3 Nxf4 15.
gxf4 Na5 16. Rd2 d5 17. Nxd5 Bxd5 18. Rxd5 Qc7 19. Rad1 Rad8 20. Ne5 Bd6 21. b4
Bxe5 22. Rxd8 Rxd8 23. Rxd8+ Qxd8 24. fxe5 Qe7 25. bxa5 Qxe5 26. Qe4 Qa1+ 27.
Bf1 g6 28. Qa8+ Kg7 29. Qxa7 Qd1 30. h3 c4 31. axb6 c3 32. b7 c2 33. b8=Q c1=Q
34. Qe5+ Kh6 35. Qf4+ Kh5 36. Qg4+ Qxg4+ 37. hxg4+ Kxg4 38. Qxf7 Qxa3 39. Qf4+
1-0

[Event "FRA-chT2 0910"]
[Site "France"]
[Date "2009.12.12"]
[Round "5.2"]
[White "Schwalfenberg, Joerg"]
[Black "Schmitt, Fabien"]
[Result "1-0"]
[WhiteElo "2329"]
[BlackElo "2145"]
[PlyCount "45"]
[EventDate "2009.09.27"]
[EventType "team"]
[EventRounds "11"]
[EventCountry "FRA"]
[SourceDate "2009.07.26"]

1. d4 d5 2. Nf3 Nf6 3. c4 e6 4. Nc3 Be7 5. g3 O-O 6. Bg2 dxc4 7. O-O c5 8. dxc5
Bxc5 9. Qa4 Nbd7 10. Qxc4 a6 11. b4 Bd6 12. Rd1 Qe7 13. a3 h6 14. Be3 Bb8 15.
Qh4 Re8 16. Rac1 Ba7 17. Bxa7 Rxa7 18. Ne4 Nb6 19. Nd6 Rd8 20. Qd4 Nfd5 21.
Nxc8 Rxc8 22. e4 Rxc1 23. Rxc1 1-0

[Event "FRA-chT2 0910"]
[Site "France"]
[Date "2009.12.12"]
[Round "5.3"]
[White "Muheim, Sebastien"]
[Black "Syska, Albert"]
[Result "0-1"]
[WhiteElo "2040"]
[BlackElo "2251"]
[PlyCount "31"]
[EventDate "2009.09.27"]
[EventType "team"]
[EventRounds "11"]
[EventCountry "FRA"]
[SourceDate "2009.07.26"]

1. d4 Nf6 2. c4 c5 3. d5 e5 4. Nc3 d6 5. e4 Nbd7 6. g3 g6 7. Bg2 Bg7 8. Nge2
O-O 9. O-O Ne8 10. Be3 f5 11. Qd2 Nef6 12. a3 Nh5 13. f3 b6 14. Rac1 Ndf6 15.
h3 Nxg3 16. Nxg3 {suite illisible} 0-1

[Event "FRA-chT2 0910"]
[Site "France"]
[Date "2009.12.12"]
[Round "5.4"]
[White "Becht, Lucas"]
[Black "Graeber, Fabien"]
[Result "1-0"]
[WhiteElo "2258"]
[BlackElo "2124"]
[PlyCount "115"]
[EventDate "2009.09.27"]
[EventType "team"]
[EventRounds "11"]
[EventCountry "FRA"]
[SourceDate "2009.07.26"]

1. e4 e6 2. d4 d5 3. Nc3 Nf6 4. e5 Nfd7 5. f4 c5 6. Nf3 Nc6 7. Be3 cxd4 8. Nxd4
Bc5 9. Qd2 a6 10. O-O-O O-O 11. Qf2 Qe7 12. Kb1 Nxd4 13. Bxd4 Bxd4 14. Qxd4 b5
15. Bd3 Qc5 16. Ne2 f6 17. Rhe1 b4 18. exf6 gxf6 19. Qxc5 Nxc5 20. Nd4 Bd7 21.
Rd2 Rac8 22. Rde2 a5 23. Re3 Rf7 24. g4 Rg7 25. h3 a4 26. b3 a3 27. Nf3 h6 28.
Kc1 Be8 29. Kd2 Rgc7 30. Nd4 Bd7 31. h4 Kf7 32. h5 Nxd3 33. Rxd3 Rg8 34. Rg3
Rc3 35. Ree3 e5 36. fxe5 fxe5 37. Rgf3+ Ke7 38. Rxe5+ Kd6 39. Ree3 Rxg4 40.
Rxc3 bxc3+ 41. Kxc3 Ke5 42. Rf7 Rxd4 43. Re7+ Kf6 44. Rxd7 Rd1 45. Kb4 Ke5 46.
Kxa3 Rh1 47. b4 Kd4 48. Ka4 Rxh5 49. Kb5 Kc3 50. Rc7+ Kb2 51. a4 d4+ 52. Kb6
Ka3 53. Rc4 Kxa4 54. b5+ Ka3 55. Rxd4 Rg5 56. Ka6 Kb2 57. Rc4 h5 58. b6 1-0

[Event "FRA-chT2 0910"]
[Site "France"]
[Date "2009.12.12"]
[Round "5.7"]
[White "Neuhauser, Salome"]
[Black "Criqui, Laurence"]
[Result "1-0"]
[WhiteElo "2025"]
[BlackElo "1636"]
[PlyCount "61"]
[EventDate "2009.09.27"]
[EventType "team"]
[EventRounds "11"]
[EventCountry "FRA"]
[SourceDate "2009.07.26"]

1. e4 e5 2. Nf3 Nc6 3. Bc4 Nf6 4. Ng5 d5 5. exd5 Na5 6. Bb5+ c6 7. dxc6 bxc6 8.
Be2 h6 9. Nf3 e4 10. Ne5 Bd6 11. d4 exd3 12. Nxd3 Qc7 13. h3 O-O 14. O-O Rb8
15. b3 Re8 16. Bb2 Ne4 17. Nd2 Qe7 18. Bf3 Nxd2 19. Qxd2 Qc7 20. Qc3 f6 21. b4
Bxb4 22. Nxb4 c5 23. Nd5 Qd8 24. Rad1 Ba6 25. Nxf6+ Qxf6 26. Qxa5 Qxb2 27. Qxa6
Qxc2 28. Qxa7 c4 29. Rd7 Qg6 30. Bd5+ Kh8 31. Bf7 1-0

[Event "FRA-chT2 0910"]
[Site "France"]
[Date "2009.12.12"]
[Round "5.8"]
[White "Becht, Pierre"]
[Black "Gauthier, Adrien"]
[Result "0-1"]
[WhiteElo "1499"]
[BlackElo "1780"]
[PlyCount "42"]
[EventDate "2009.09.27"]
[EventType "team"]
[EventRounds "11"]
[EventCountry "FRA"]
[SourceDate "2009.07.26"]

1. d4 Nf6 2. Nf3 g6 3. e3 Bg7 4. Bb5 a6 5. Ba4 b5 6. Bb3 Nc6 7. O-O Na5 8. Nfd2
d5 9. f3 O-O 10. e4 dxe4 11. c3 exf3 12. Qxf3 Bb7 13. Qf2 Qd6 14. Na3 Ng4 15.
Qxf7+ Rxf7 16. Rxf7 Qxh2+ 17. Kf1 Qxg2+ 18. Ke1 Nxb3 19. axb3 Kxf7 20. c4 Qf2+
21. Kd1 Ne3# 0-1

[Event "FRA-chT2 0910"]
[Site "France"]
[Date "2009.12.12"]
[Round "5.1"]
[White "Paci, Cedric"]
[Black "Rodrigues, Emmanuel"]
[Result "1/2-1/2"]
[WhiteElo "2351"]
[BlackElo "2150"]
[PlyCount "79"]
[EventDate "2009.09.27"]
[EventType "team"]
[EventRounds "11"]
[EventCountry "FRA"]
[SourceDate "2009.07.26"]

1. Nf3 Nc6 2. d4 d5 3. c4 Bg4 4. Nc3 Bxf3 5. exf3 e6 6. cxd5 exd5 7. Bb5 a6 8.
Ba4 Bb4 9. O-O Nge7 10. Bg5 f6 11. Bf4 O-O 12. Qd3 Bd6 13. Bd2 Qe8 14. Bb3 Kh8
15. Rae1 Qh5 16. h3 Rad8 17. Re6 Nf5 18. Ne2 Nce7 19. Bc2 Qh4 20. f4 g6 21. g4
Ng7 22. Re3 f5 23. g5 Rde8 24. Re1 Nc6 25. Bb3 Nh5 26. Re5 Nxe5 27. dxe5 Bc5
28. Qf3 c6 29. Bc3 Ng7 30. e6 Rxe6 31. Bxg7+ Kxg7 32. Qc3+ Kg8 33. Qxc5 Rfe8
34. Bxd5 cxd5 35. Qxd5 Kf8 36. Qc5+ Kf7 37. Qd5 Kf8 38. Qc5+ R8e7 39. Qc8+ Re8
40. Qc5+ 1/2-1/2

[Event "FRA-chT2 0910"]
[Site "France"]
[Date "2009.12.12"]
[Round "5.2"]
[White "Wegner, Eric"]
[Black "Iglesias, Joachim"]
[Result "0-1"]
[WhiteElo "2091"]
[BlackElo "2266"]
[PlyCount "56"]
[EventDate "2009.09.27"]
[EventType "team"]
[EventRounds "11"]
[EventCountry "FRA"]
[SourceDate "2009.07.26"]

1. d4 c5 2. d5 e6 3. c4 exd5 4. cxd5 d6 5. Nc3 Nf6 6. Nf3 g6 7. g3 Bg7 8. Bg2
O-O 9. O-O a6 10. a4 Nbd7 11. Nd2 Re8 12. Nc4 Ne5 13. Na3 Rb8 14. h3 Bd7 15. f4
Nh5 16. fxe5 Bxe5 17. Nc4 Bxg3 18. Qd2 b5 19. axb5 axb5 20. Na5 Ra8 21. Nd1 h6
22. Nf2 Qh4 23. e4 Re5 24. Qxh6 Bxf2+ 25. Rxf2 Bxh3 26. Rxf7 Kxf7 27. Nc6 Qe1+
28. Kh2 Qg3+ 0-1

[Event "FRA-chT2 0910"]
[Site "France"]
[Date "2009.12.12"]
[Round "5.4"]
[White "Iverieli, Luca"]
[Black "Bertrand, Quentin"]
[Result "1/2-1/2"]
[WhiteElo "2106"]
[BlackElo "2044"]
[PlyCount "45"]
[EventDate "2009.09.27"]
[EventType "team"]
[EventRounds "11"]
[EventCountry "FRA"]
[SourceDate "2009.07.26"]

1. d4 Nf6 2. c4 e6 3. Nc3 Bb4 4. Qc2 d5 5. a3 Bxc3+ 6. Qxc3 Ne4 7. Qc2 c5 8.
dxc5 Nc6 9. e3 Qa5+ 10. Bd2 Nxd2 11. Qxd2 dxc4 12. Qxa5 Nxa5 13. Rc1 b5 14.
cxb6 Bb7 15. Nf3 Ke7 16. bxa7 Rxa7 17. Be2 Rb8 18. O-O Bd5 19. Ne5 Rxb2 20.
Bxc4 Nxc4 21. Nxc4 Bxc4 22. Rxc4 Rxa3 23. Rh4 1/2-1/2

[Event "FRA-chT2 0910"]
[Site "France"]
[Date "2009.12.12"]
[Round "5.5"]
[White "Achereiner, Guillaume"]
[Black "Broca, Alexandre"]
[Result "0-1"]
[WhiteElo "1999"]
[BlackElo "2142"]
[PlyCount "62"]
[EventDate "2009.09.27"]
[EventType "team"]
[EventRounds "11"]
[EventCountry "FRA"]
[SourceDate "2009.07.26"]

1. d4 Nf6 2. c4 e6 3. Nf3 b6 4. a3 Bb7 5. Nc3 d6 6. e3 Nbd7 7. Bd3 Be7 8. O-O
O-O 9. e4 e5 10. d5 h6 11. b4 Nh7 12. Be3 Re8 13. Qb3 Ng5 14. Nd2 Nf8 15. Rfe1
Ng6 16. Bf1 Bc8 17. Rac1 f5 18. f3 Nf7 19. exf5 Bxf5 20. Nde4 Rf8 21. c5 Nh4
22. Nb5 Bxe4 23. fxe4 Ng5 24. cxd6 cxd6 25. Be2 Qe8 26. Bxg5 Bxg5 27. Rc7 a6
28. g3 axb5 29. gxh4 Bxh4 30. Rf1 Qg6+ 31. Kh1 Rxf1+ 0-1

[Event "FRA-chT2 0910"]
[Site "France"]
[Date "2009.12.12"]
[Round "5.6"]
[White "Debray, Francois"]
[Black "Ruffenach, Alain"]
[Result "1-0"]
[WhiteElo "2166"]
[BlackElo "2011"]
[PlyCount "59"]
[EventDate "2009.09.27"]
[EventType "team"]
[EventRounds "11"]
[EventCountry "FRA"]
[SourceDate "2009.07.26"]

1. e4 g6 2. d4 Bg7 3. Nc3 c5 4. Nf3 cxd4 5. Nxd4 Nc6 6. Be3 Nf6 7. Bc4 O-O 8.
Bb3 d6 9. f3 Nd7 10. Qd2 Nxd4 11. Bxd4 Bxd4 12. Qxd4 Nc5 13. h4 h5 14. O-O-O
Be6 15. g4 Bxb3 16. axb3 Qa5 17. Kb1 Ne6 18. Qe3 Rfc8 19. Nd5 Kf8 20. gxh5 gxh5
21. Qh6+ Ke8 22. Qxh5 Qc5 23. c3 a5 24. Rhg1 a4 25. b4 Qf2 26. Rg8+ Kd7 27.
Rxc8 Rxc8 28. Qxf7 a3 29. bxa3 Qe2 30. Qxe6+ 1-0

[Event "FRA-chT2 0910"]
[Site "France"]
[Date "2009.12.12"]
[Round "5.7"]
[White "Vigneron, Quentin"]
[Black "Joie, Sebastien"]
[Result "0-1"]
[WhiteElo "1925"]
[BlackElo "2108"]
[PlyCount "94"]
[EventDate "2009.09.27"]
[EventType "team"]
[EventRounds "11"]
[EventCountry "FRA"]
[SourceDate "2009.07.26"]

1. e4 e5 2. Nf3 Nc6 3. Bc4 Nf6 4. d3 Be7 5. O-O O-O 6. Re1 d6 7. h3 Na5 8. Bb3
Nxb3 9. axb3 Re8 10. Nc3 c6 11. d4 Qc7 12. dxe5 dxe5 13. Nh4 g6 14. Bg5 Kg7 15.
Qf3 h6 16. Bxf6+ Bxf6 17. Qg3 Kh7 18. Nf3 Qe7 19. Rad1 h5 20. Nd2 b5 21. Nf1 a5
22. Qd3 Rd8 23. Qxd8 Qxd8 24. Rxd8 Bxd8 25. Rd1 Be7 26. Ne3 Be6 27. Kf1 f5 28.
Ke2 f4 29. Nf1 a4 30. Nd2 axb3 31. Nxb3 b4 32. Nb1 Ra2 33. Kd3 Rxb2 34. N1d2
Ra2 35. Ra1 Rxa1 36. Nxa1 Kg7 37. Nc4 Kf6 38. Nb3 f3 39. g4 hxg4 40. hxg4 Bxc4+
41. Kxc4 Kg5 42. Na5 Kf4 43. Nxc6 Bh4 44. Nxb4 Bxf2 45. Nd3+ Ke3 46. Kd5 Bg3
47. g5 Kd2 0-1

[Event "FRA-chT2 0910"]
[Site "France"]
[Date "2009.12.12"]
[Round "5.8"]
[White "Hourlier, Claire"]
[Black "Vigneron, Jean"]
[Result "0-1"]
[WhiteElo "1936"]
[BlackElo "1909"]
[PlyCount "106"]
[EventDate "2009.09.27"]
[EventType "team"]
[EventRounds "11"]
[EventCountry "FRA"]
[SourceDate "2009.07.26"]

1. e4 c6 2. d4 d5 3. exd5 cxd5 4. Bd3 Nc6 5. c3 Nf6 6. Bf4 Bg4 7. Qb3 Qc8 8.
Nd2 e6 9. Ngf3 Be7 10. O-O O-O 11. Qc2 Bh5 12. Ne5 Bg6 13. Nxg6 hxg6 14. h3 b5
15. Nf3 a6 16. Qe2 Rd8 17. Rfe1 Bd6 18. Bxd6 Rxd6 19. Ne5 Rd8 20. f4 Nxe5 21.
fxe5 Nd7 22. Rf1 Nb6 23. h4 Rd7 24. h5 g5 25. Qg4 Qd8 26. Rf2 Nc4 27. g3 Rb8
28. h6 g6 29. b3 Ne3 30. Qf3 Nf5 31. Raf1 Rbb7 32. Rh2 Kh7 33. Rff2 Rbc7 34.
Bb1 Qe7 35. Re2 Qa3 36. Re1 Qa5 37. Bxf5 gxf5 38. Re3 Rc8 39. Qh5 Qd8 40. Rc2
Qg8 41. Rh2 Rdc7 42. Rc2 Qg6 43. Qd1 b4 44. Qc1 f4 45. Rf3 Rxc3 46. Rfxc3 Rxc3
47. Rxc3 bxc3 48. Qxc3 Qb1+ 49. Kg2 Qxa2+ 50. Kf3 Qh2 51. Qd3+ Kxh6 52. Qxa6
Qxg3+ 53. Ke2 f3+ 0-1

[Event "FRA-chT2 0910"]
[Site "France"]
[Date "2009.12.13"]
[Round "6.1"]
[White "Karpatchev, Aleksandr"]
[Black "Foisor, Ovidiu"]
[Result "0-1"]
[WhiteElo "2496"]
[BlackElo "2414"]
[PlyCount "53"]
[EventDate "2009.09.27"]
[EventType "team"]
[EventRounds "11"]
[EventCountry "FRA"]
[SourceDate "2009.07.26"]
[WhiteTeam "Bischwiller"]

1. e4 e6 2. d4 d5 3. e5 c5 4. c3 Nc6 5. Nf3 Bd7 6. Be2 Nge7 7. Na3 Ng6 8. h4
cxd4 9. cxd4 Bxa3 10. bxa3 h6 11. Rb1 Na5 12. h5 Ne7 13. Bd2 Bc6 14. Bb4 Nc4
15. Nd2 Nf5 16. Nxc4 dxc4 17. Bf3 Nxd4 18. Bxc6+ Nxc6 19. Bd6 Nxe5 20. Qd4 Nd3+
21. Kf1 Qd7 22. Rh4 Qc6 23. Qxg7 O-O-O 24. Bg3 c3 25. Kg1 c2 26. Rf1 Rhg8 27.
Qxh6 {suite illisible} 0-1

[Event "FRA-chT2 0910"]
[Site "France"]
[Date "2009.12.13"]
[Round "6.3"]
[White "Lutz, Eric"]
[Black "Debray, Francois"]
[Result "0-1"]
[WhiteElo "2232"]
[BlackElo "2166"]
[PlyCount "82"]
[EventDate "2009.09.27"]
[EventType "team"]
[EventRounds "11"]
[EventCountry "FRA"]
[SourceDate "2009.07.26"]

1. d4 Nc6 2. e4 d5 3. e5 Bf5 4. g4 Be4 5. f3 Bg6 6. Ne2 e6 7. Be3 Be7 8. Nbc3
Nb4 9. Rc1 Bh4+ 10. Ng3 h5 11. Bg2 hxg4 12. fxg4 Bg5 13. Bxg5 Qxg5 14. Qd2 Qxg4
15. Nb5 Na6 16. O-O Qh4 17. Bh1 Ne7 18. c4 Rd8 19. cxd5 Nxd5 20. Bxd5 Rxd5 21.
Rf4 Qd8 22. Qe2 Qg5 23. Rff1 O-O 24. Nxc7 Nxc7 25. Rxc7 Rxd4 26. Rxb7 Rd2 27.
Qf3 Qxe5 28. Rf2 Qd4 29. Nf1 Rd1 30. Qf4 Be4 31. Rd7 Qxd7 32. Qxe4 Rc8 33. Kg2
Qc6 34. Ng3 f5 35. Qf3 Qxf3+ 36. Kxf3 Rcd8 37. Re2 Kf7 38. Re5 R1d3+ 39. Kf4
R8d4+ 40. Kg5 Rg4+ 41. Kh5 Kf6 0-1

[Event "FRA-chT2 0910"]
[Site "France"]
[Date "2009.12.13"]
[Round "6.4"]
[White "Prost, Frederic"]
[Black "Schulz, Vladimir"]
[Result "0-1"]
[WhiteElo "2135"]
[BlackElo "2166"]
[PlyCount "82"]
[EventDate "2009.09.27"]
[EventType "team"]
[EventRounds "11"]
[EventCountry "FRA"]
[SourceDate "2009.07.26"]

1. d4 Nf6 2. c4 g6 3. Nc3 d5 4. Nf3 Bg7 5. Bg5 Ne4 6. cxd5 Nxg5 7. Nxg5 e6 8.
Qd2 exd5 9. Qe3+ Kf8 10. Qf4 Bf6 11. Nf3 Kg7 12. e3 c6 13. Be2 Nd7 14. O-O Nf8
15. Ne5 Ne6 16. Qg3 Bh4 17. Qf3 f6 18. Nd3 f5 19. g3 Be7 20. Qg2 Ng5 21. f4 Nf7
22. Bf3 Nd6 23. Ne5 Bf6 24. Qe2 Ne4 25. Rac1 Be6 26. Rc2 Bxe5 27. fxe5 Nxc3 28.
Rxc3 h5 29. Kh1 g5 30. Qg2 g4 31. Bd1 h4 32. Kg1 Rh7 33. Bc2 Qg5 34. Rb3 b5 35.
Rc3 hxg3 36. hxg3 Rh3 37. Rf4 Rc8 38. a4 Qh5 39. axb5 Rh8 40. Rxc6 Rh1+ 41. Kf2
Rh2 0-1

[Event "FRA-chT2 0910"]
[Site "France"]
[Date "2009.12.13"]
[Round "6.6"]
[White "Iverieli, Luca"]
[Black "Heinrich, Nicolas"]
[Result "1-0"]
[WhiteElo "2106"]
[BlackElo "1955"]
[PlyCount "63"]
[EventDate "2009.09.27"]
[EventType "team"]
[EventRounds "11"]
[EventCountry "FRA"]
[SourceDate "2009.07.26"]

1. Nf3 d5 2. b3 Nf6 3. Bb2 Bf5 4. g3 c5 5. d3 Nc6 6. Bg2 e6 7. O-O Bd6 8. Nbd2
Bc7 9. Re1 d4 10. e3 Ba5 11. exd4 cxd4 12. a3 Bxd2 13. Qxd2 O-O 14. Nh4 Bg6 15.
Nxg6 hxg6 16. Bxc6 bxc6 17. Qb4 c5 18. Qxc5 Rc8 19. Qxa7 Rxc2 20. Bxd4 Qd5 21.
Bxf6 gxf6 22. b4 Qxd3 23. Qe3 Qf5 24. Re2 Rxe2 25. Qxe2 Rc8 26. a4 Rc2 27. Qe1
Qd5 28. a5 f5 29. a6 f4 30. a7 Ra2 31. Qb1 fxg3 32. hxg3 1-0

[Event "FRA-chT2 0910"]
[Site "France"]
[Date "2009.12.13"]
[Round "6.7"]
[White "Barbaras, Mathieu"]
[Black "Joie, Sebastien"]
[Result "0-1"]
[WhiteElo "1908"]
[BlackElo "2108"]
[PlyCount "65"]
[EventDate "2009.09.27"]
[EventType "team"]
[EventRounds "11"]
[EventCountry "FRA"]
[SourceDate "2009.07.26"]

1. e4 c6 2. d4 d6 3. Nc3 e5 4. Nf3 Qc7 5. Bc4 Bg4 6. dxe5 dxe5 7. Qe2 Nf6 8.
O-O Be7 9. Bg5 O-O 10. Rad1 a5 11. a4 Na6 12. Rd2 Nc5 13. Rfd1 Bh5 14. h3 Bg6
15. Qe3 Nfxe4 16. Nxe4 Bxe4 17. Rd7 Bxg5 18. Qxc5 Bxf3 19. Rxc7 Bxd1 20. Qxe5
Bf6 21. Qf5 Rae8 22. Kf1 Re5 23. Qc8 Rd8 24. Qxb7 Bg4 25. Bd3 Rde8 26. f3 Bh4
27. g3 Bxh3+ 28. Kf2 Rg5 29. Re7 Bxg3+ 30. Ke2 Rxe7+ 31. Qxe7 Re5+ 32. Qxe5
Bxe5 33. b4 0-1

[Event "FRA-chT2 0910"]
[Site "France"]
[Date "2009.12.13"]
[Round "6.1"]
[White "Dubreuil, Julien"]
[Black "Paci, Cedric"]
[Result "1/2-1/2"]
[WhiteElo "2249"]
[BlackElo "2351"]
[PlyCount "84"]
[EventDate "2009.09.27"]
[EventType "team"]
[EventRounds "11"]
[EventCountry "FRA"]
[SourceDate "2009.07.26"]

1. c4 b6 2. Nc3 Bb7 3. d4 e6 4. e4 Bb4 5. Bd3 f5 6. Qh5+ g6 7. Qe2 Nf6 8. Bg5
h6 9. Bxf6 Qxf6 10. Nf3 Nc6 11. a3 Bxc3+ 12. bxc3 fxe4 13. Bxe4 O-O-O 14. O-O
g5 15. c5 g4 16. Ne5 Nxe5 17. dxe5 Qf4 18. Bxb7+ Kxb7 19. a4 bxc5 20. Qb5+ Ka8
21. Qxc5 c6 22. Rab1 Rb8 23. Qd6 Rxb1 24. Rxb1 Rf8 25. Rf1 Qf7 26. Qd2 h5 27.
Rb1 Rb8 28. Rxb8+ Kxb8 29. Qd6+ Kc8 30. Qd4 Qf5 31. g3 Kd8 32. Qxa7 Qxe5 33.
Qb6+ Kc8 34. Qa6+ Kc7 35. Qa7+ Kd8 36. Qb6+ Ke8 37. a5 Qe1+ 38. Kg2 Qxc3 39. a6
Qf3+ 40. Kg1 Qd1+ 41. Kg2 Qf3+ 42. Kg1 Qd1+ 1/2-1/2

[Event "FRA-chT2 0910"]
[Site "France"]
[Date "2009.12.13"]
[Round "6.3"]
[White "Bissieres, Mathieu"]
[Black "Klipper, Rebecca"]
[Result "1-0"]
[WhiteElo "2317"]
[BlackElo "2010"]
[PlyCount "63"]
[EventDate "2009.09.27"]
[EventType "team"]
[EventRounds "11"]
[EventCountry "FRA"]
[SourceDate "2009.07.26"]

1. Nf3 c5 2. e4 Nc6 3. b3 d6 4. Bb2 e5 5. Bc4 Bg4 6. h3 Bh5 7. Nc3 h6 8. g4 Bg6
9. Qe2 a6 10. Bd5 Nge7 11. Bxc6+ Nxc6 12. Nd5 Nb4 13. Nxb4 cxb4 14. d4 exd4 15.
Nxd4 Be7 16. O-O-O Qa5 17. Kb1 O-O-O 18. Nf5 Bxf5 19. exf5 Bf6 20. Bxf6 gxf6
21. Qc4+ Qc7 22. Qxb4 h5 23. Rhe1 Qc5 24. Qf4 hxg4 25. hxg4 Rd7 26. c4 Rhd8 27.
Rd5 Qb4 28. Qe3 Kc7 29. Rc1 Qb6 30. c5 Qb4 31. Rc4 Qa3 32. Ra4 1-0

[Event "FRA-chT2 0910"]
[Site "France"]
[Date "2009.12.13"]
[Round "6.4"]
[White "Bertrand, Quentin"]
[Black "Bellet, Georges"]
[Result "0-1"]
[WhiteElo "2044"]
[BlackElo "2154"]
[PlyCount "106"]
[EventDate "2009.09.27"]
[EventType "team"]
[EventRounds "11"]
[EventCountry "FRA"]
[SourceDate "2009.07.26"]

1. e4 c5 2. Nf3 a6 3. Nc3 d6 4. d4 cxd4 5. Nxd4 Nf6 6. Bc4 e6 7. Bb3 Nc6 8. Be3
Na5 9. Qe2 Nxb3 10. axb3 Be7 11. g4 h5 12. gxh5 Rxh5 13. O-O-O Bd7 14. f4 Qa5
15. Qg2 Rc8 16. Kb1 Rh7 17. Rhg1 Qh5 18. Rd2 b5 19. Rgd1 Qg4 20. e5 Qxg2 21.
Rxg2 dxe5 22. fxe5 Nd5 23. Nxd5 exd5 24. c3 Bc5 25. b4 Bxd4 26. Bxd4 g6 27. Kc1
Bf5 28. Kd2 Kd7 29. Ra1 Rc6 30. Rf2 Rh3 31. Ke2 Kc7 32. Rg1 Re6 33. Kd2 Re8 34.
Rg3 Rh4 35. Rfg2 Be6 36. Kc1 Reh8 37. Rd2 R4h5 38. Rg1 Rh3 39. Rgg2 R8h4 40.
Bf2 Re4 41. Bg3 Kc6 42. Rde2 Rc4 43. Kd2 Bf5 44. Rg1 Rh8 45. Rgg2 d4 46. Bf4 d3
47. Re3 Kd5 48. Bg3 a5 49. bxa5 b4 50. Re1 bxc3+ 51. bxc3 Rb8 52. Rgg1 Rb2+ 53.
Ke3 Re4+ 0-1

[Event "FRA-chT2 0910"]
[Site "France"]
[Date "2009.12.13"]
[Round "6.5"]
[White "Cau, Benjamin"]
[Black "Achereiner, Guillaume"]
[Result "1/2-1/2"]
[WhiteElo "2139"]
[BlackElo "1999"]
[PlyCount "97"]
[EventDate "2009.09.27"]
[EventType "team"]
[EventRounds "11"]
[EventCountry "FRA"]
[SourceDate "2009.07.26"]

1. e4 c5 2. Nf3 Nc6 3. d4 cxd4 4. Nxd4 Nf6 5. Nc3 e5 6. Ndb5 d6 7. Bg5 a6 8.
Na3 b5 9. Nd5 Be7 10. Bxf6 Bxf6 11. g3 Bg5 12. Bg2 Be6 13. O-O Ne7 14. Nxe7
Qxe7 15. c3 Rb8 16. Nc2 O-O 17. Nb4 Rb6 18. Nd5 Bxd5 19. Qxd5 Kh8 20. Rae1 g6
21. Bh3 Bh6 22. f4 Rbb8 23. f5 b4 24. c4 Qa7+ 25. Kg2 b3 26. a3 Qd4 27. Qxd4
exd4 28. Rd1 Be3 29. Rf3 Rbe8 30. Rxe3 dxe3 31. Rd4 Re5 32. Kf3 Rfe8 33. fxg6
hxg6 34. Kxe3 Kg7 35. Bg2 R8e6 36. Rd3 Rc5 37. Kd4 f5 38. Rxb3 fxe4 39. Bxe4
Rf6 40. Bd5 Rf2 41. h4 Rc7 42. Rb6 Rd2+ 43. Ke3 Rd1 44. Rxa6 Re7+ 45. Kf3 Rd3+
46. Kf4 Rd4+ 47. Kf3 Rd3+ 48. Kf4 Rd4+ 49. Kf3 1/2-1/2